Statistics for Premier League Top 4

Click here to take the quiz!

General Stats

  • This quiz has been taken 12,041 times
    (10,236 since last reset)
  • The average score is 25 of 40

Answer Stats

Team% Correct
Manchester City
100%
Manchester United
100%
Arsenal
99%
Chelsea
99%
Liverpool
99%
Tottenham Hotspur
97%
Leicester City
96%
Newcastle United
89%
Aston Villa
85%
Everton
84%
Leeds United
81%
Nottingham Forest
81%
Blackburn Rovers
79%
West Ham United
79%
Wolverhampton Wanderers
72%
Southampton
68%
Sunderland
65%
Norwich City
64%
Crystal Palace
59%
Burnley
58%
Sheffield United
58%
Sheffield Wednesday
57%
West Bromwich Albion
53%
Queens Park Rangers
52%
Derby County
51%
Cardiff City
48%
Watford
48%
Bolton Wanderers
47%
Portsmouth
47%
Ipswich Town
46%
Stoke City
46%
Blackpool
43%
Middlesbrough
42%
Preston North End
40%
Huddersfield Town
38%
Bristol City
35%
Charlton Athletic
33%
Oldham Athletic
25%
Notts County
22%
Bury
18%

Score Distribution

Percentile by Number Answered

Percent of People with Each Score

Your Score History

You have not taken this quiz since the last reset